00329nam a2200145Ia 4500003000400000008004100004020001800045082001700063100002300080245001500103250000900118260003700127300001100164650000800175OSt191201s2008 xx 000 0 und d a9789388176644 a005.133bKAL aKANETKAR, Yashwant 0aLet us C++ aRep. aNew DelhibBPB Publicationc2024 ax, 348 aBCA